[Event "5th Kalamazoo Scholastic U13"]
[Site "Kalamazoo, MI"]
[Date "2003.07.12"]
[Round "4"]
[White "Harry, James"]
[Black "Johnson, David"]
[Result "0-1"]
[WhiteElo "691"]
[BlackElo "698"]
[Annotator "Marshall Johnson"]
[PlyCount "68"]
[EventDate "2003.07.12"]

1. e4 c5 2. Nc3 Nc6 3. Nf3 d6 4. d3 Nf6 5. d4 cxd4 6. Bb5 $4 {Whoa, what was
that move order, again?} dxc3 7. Bxc6+ bxc6 8. bxc3 g6 9. e5 Nd5 {A little
better may have been:} (9... Ng4 10. Bg5 Bg7 11. O-O Nxe5 12. Nxe5 Bxe5 $19 {
-4.18 Jr.8}) 10. Bb2 Bg7 11. exd6 Qxd6 12. Nd4 Qe5+ 13. Qe2 Nf4 $2 {Better is:}
(13... Qxe2+ 14. Kxe2 (14. Nxe2 Rb8 $19 {-7.70}) 14... c5 15. Nb3 Ba6+ $19 {-7.
10}) 14. Qxe5 Bxe5 15. O-O O-O $2 (15... c5 $1 $19 {-5.83}) 16. Nxc6 Ne2+ $6
17. Kh1 Bxc3 18. Bxc3 Re8 $4 (18... Nxc3 19. Nxe7+ Kg7 $19 {-4.59 Nothing to
be afraid of -- just take the B!}) 19. Bb4 $14 {+.68} Kg7 20. Bxe7 Ba6 21. Rfe1
$6 Rac8 $1 22. Nxa7 $2 $19 {-2.92 -- This square becomes the N's tomb.} Rxc2 $2
{Better is:} (22... Rc7 {Winning a piece immediately.}) 23. Ba3 $2 {The piece
could still be saved with:} (23. Bg5 Rc7 24. Be3 Rxe3 25. fxe3 Rxa7 $17 {-1.25}
) 23... Ra8 {Aha! I caught you, you wascawy hawse!} 24. Nc6 Rxc6 25. Bb2+ Kg8
26. Red1 Nc3 27. Bxc3 Rxc3 28. g3 $2 {This turns out to be a fatal weakness in
the K's pawn cover.} Bb7+ 29. Kg1 Bf3 30. Rdc1 Rxc1+ 31. Rxc1 Rxa2 32. Rc8+ $2
{This little piggy should stay home.} Kg7 33. h4 $4 Ra1+ 34. Kh2 Rh1# 0-1

[Event "Flint Summer Swiss"]
[Site "Flint, MI"]
[Date "2003.07.12"]
[Round "3"]
[White "Gadson, Joseph"]
[Black "Finegold, Ben"]
[Result "0-1"]
[WhiteElo "1854"]
[BlackElo "2631"]
[PlyCount "89"]
[EventDate "2003.07.12"]

1. e4 c6 2. d4 d5 3. Nc3 dxe4 4. Nxe4 Bf5 5. Ng3 Bg6 6. Nf3 Nd7 7. Nh4 e6 8.
Nxg6 hxg6 9. Bd3 Ngf6 10. Be3 Qb6 11. d5 Qa5+ 12. c3 Qxd5 13. O-O Bc5 14. c4
Qd6 15. Bxc5 Nxc5 16. Be2 O-O-O 17. Qxd6 Rxd6 18. b4 Nce4 19. c5 Nxg3 20. hxg3
Rd2 21. Bf3 g5 22. g4 Rd4 23. Rab1 Nxg4 24. b5 Ne5 25. bxc6 bxc6 26. Be2 Nd3
27. g3 Kc7 28. Rfd1 Rhd8 29. Bh5 g6 30. Bf3 Ne5 31. Be2 Rxd1+ 32. Bxd1 Rd2 33.
Bb3 Nd3 34. Rf1 Nxc5 35. Kg2 a5 36. Rh1 a4 37. Bc4 Rc2 38. Bf1 Ne4 39. Kf3 Nd2+
40. Kg4 Rc1 41. Rh7 Rxf1 42. Rxf7+ Kb6 43. Kxg5 Ne4+ 44. Kxg6 Rxf2 45. Re7 0-1

[Event "Flint Summer Swiss"]
[Site "Flint, MI"]
[Date "2003.07.12"]
[Round "4"]
[White "Finegold, Ben"]
[Black "Fischvogt, Eric"]
[Result "1-0"]
[WhiteElo "2631"]
[BlackElo "2285"]
[PlyCount "59"]
[EventDate "2003.07.12"]

1. d4 f5 2. Bg5 g6 3. e3 Bg7 4. c3 c6 5. Nd2 d6 6. Ngf3 Nf6 7. Qb3 Qb6 8. Qc2
Nbd7 9. Be2 O-O 10. h3 a5 11. g4 e6 12. a4 Re8 13. Rg1 Kh8 14. Nc4 Qc7 15. Bf4
Ne4 16. gxf5 exf5 17. Ng5 Ndf6 18. Nxd6 Nxd6 19. Bxd6 Qd7 20. Bc4 Nd5 21. Bxd5
cxd5 22. Bf4 b5 23. axb5 h6 24. Nf3 g5 25. Ne5 Bxe5 26. Bxe5+ Kh7 27. h4 Rg8
28. hxg5 Rxg5 29. O-O-O Qxb5 30. f4 1-0

[Event "Flint Summer Swiss"]
[Site "Flint, MI"]
[Date "2003.07.12"]
[Round "2"]
[White "Finegold, Ben"]
[Black "Bailey, Greg"]
[Result "1-0"]
[WhiteElo "2631"]
[BlackElo "1926"]
[PlyCount "126"]
[EventDate "2003.07.12"]

1. d4 Nf6 2. c4 g6 3. Nc3 Bg7 4. e4 d6 5. Be2 Na6 6. Bg5 c5 7. d5 O-O 8. Qd2
Nc7 9. Nf3 a6 10. a4 b6 11. O-O Bd7 12. Bh6 b5 13. Bxg7 Kxg7 14. axb5 axb5 15.
cxb5 Rb8 16. Ra5 Rb7 17. Rfa1 Qb8 18. Qd3 Rd8 19. Bf1 e6 20. Nd2 exd5 21. exd5
Bf5 22. Qf3 Re8 23. Nc4 Rd8 24. b6 Rxb6 25. Nxb6 Qxb6 26. R1a2 Re8 27. Qd1 Re5
28. h3 Nfxd5 29. Nxd5 Rxd5 30. Qc1 Qb3 31. Ra1 Bc2 32. R1a3 Rd1 33. Qxd1 Bxd1
34. Rxb3 Bxb3 35. Ra7 Ne6 36. f3 d5 37. Kf2 h5 38. h4 Kf6 39. Bb5 d4 40. g3 Ng7
41. f4 c4 42. Rc7 Ne6 43. Rc8 c3 44. bxc3 dxc3 45. Rxc3 Ba2 46. Ke3 Ng7 47. Bd3
Be6 48. Rc6 Nf5+ 49. Bxf5 Kxf5 50. Rc5+ Kg4 51. Kf2 Bf5 52. Ra5 Kh3 53. Ra7 Be6
54. f5 gxf5 55. Kf3 Bd5+ 56. Kf4 Be6 57. Ra8 Bb3 58. Rh8 Bd1 59. Rh7 f6 60. Rh6
Be2 61. Rxf6 Bg4 62. Rxf5 Kg2 63. Rg5 Bd1 1-0

[Event "Flint Summer Swiss"]
[Site "Flint, MI"]
[Date "2003.07.13"]
[Round "7"]
[White "Obukhov, Dmitriy"]
[Black "Finegold, Ben"]
[Result "0-1"]
[WhiteElo "2030"]
[BlackElo "2631"]
[PlyCount "44"]
[EventDate "2003.07.12"]

1. d4 d5 2. c4 Nc6 3. cxd5 Qxd5 4. e3 e5 5. Nf3 exd4 6. Nxd4 Nxd4 7. exd4 Nf6
8. Nc3 Qd6 9. g3 Bg4 10. f3 Qe7+ 11. Kf2 Be6 12. d5 O-O-O 13. Qa4 Nxd5 14. Nxd5
Rxd5 15. Be3 Qb4 16. Qxa7 Qxb2+ 17. Be2 Qa3 18. Qxa3 Bxa3 19. Bc4 Rd6 20. Bxe6+
Rxe6 21. Rab1 Rhe8 22. Rb3 Rxe3 0-1

[Event "Lansing July Mini-Swiss.3"]
[Site "Lansing, MI"]
[Date "2003.07.13"]
[Round "1"]
[White "Johnson, Marshall"]
[Black "Johnson, Anders"]
[Result "1-0"]
[WhiteElo "1293"]
[BlackElo "966"]
[Annotator "Marshall Johnson"]
[PlyCount "55"]
[EventDate "2003.07.13"]

1. Nf3 Nc6 2. d4 d5 3. g3 Bg4 4. Bg2 e6 5. O-O Bd6 6. c4 Qf6 $6 {Scary tho
this move may look, Black has no business making an aggressive move of this
order. White still has some initiative & Black's Bishops have no targets on
the White K-side.} 7. Bg5 $5 {White chooses the wrong plan here, better would
be an immediate Queen excursion of his own to punish Black's wayward Queen:} (
7. Qb3 $1 O-O-O 8. Bg5 Nxd4 9. Bxf6 Nxb3 10. Bxg7 Nxa1 11. Bxh8 Nc2 12. cxd5
$14 {+.62 is Jr.8's assessment of the position.}) 7... Qg6 8. c5 $6 Be7 $2 {
White should drop a pawn here, but Black missed:} (8... Bxf3 $1 9. Bxf3 Qxg5
10. cxd6 cxd6 $15 {-.65}) 9. Bf4 {White moves the B off the g5 hotspot &
threatens ground on the Q-side, including the pawn @c7.} O-O-O $6 {Black cover
s the c-pawn & develops his back rank but at what cost? The White B's are
trained on the Q-side, as the Q & R's will also be soon.} 10. Qa4 h5 {Black is
really under the impression that he has an attack here. We'll see.} 11. Nbd2 {
The main thing White has to fear is what will happen if Black opens the h-file
for the heavy pieces and gets rid of the N @f3, now White has a back-up in
case the N @f3 "disappears".} Qh7 $2 {Black is still laboring under the
misapprehension that his attack is further developed than White's, better is:}
(11... Bf6 12. e3 Qd3 13. h3 Bxf3 14. Nxf3 a6 15. Rfd1 Qf5 16. Ne5 Bxe5 $14 {
+.30}) 12. b4 h4 $4 {Ignoring the White Q-side attack which is now practically
irresistable, while also playing into Whit'e defensive resources -- if the
h-pawn captures at g3 White captures with the B, which makes the B less
exposed and adds a defender to the key square @h2. While if the h-pawn pushes
on to h3, White retreats his B to h1 & the Black h-pawn spent all those tempi
for no reason.} 13. b5 $18 {+3.35} hxg3 $2 {As I was saying ...} 14. Bxg3 Nb8
15. Qxa7 {Absolutely amazing -- White is only up one pawn in material and it's
hard to calculate an attack on the Black King that wins immediately. But the
White attack is so organized and his pieces so much better placed that Jr. 8
assesses the position as +- +7.03!!} Nf6 16. b6 $2 {White misses the immediate
mate with:} (16. c6 $1 Qxh2+ ({Or:} 16... Nxc6 17. bxc6 {With mate to follow
on b7 or c7.}) 17. Nxh2 Rd6 18. Qxb7+ Kd8 19. Qxb8#) 16... c6 $4 {This is
immediately steam-rolled, but other tries also fail:} (16... Nc6 17. Ne5 Nxe5
18. bxc7 Rde8 19. Rab1 b6 20. Rxb6 {With an overwhelming attack, as well as a
material superiority.}) 17. Qxb8+ Kd7 18. Qxb7+ Ke8 19. Qxc6+ Nd7 $18 {+10.06}
20. b7 Kf8 21. Rab1 Nb8 22. Bxb8 Rxb8 23. Qc8+ Bd8 24. Qxb8 Ke7 25. Qd6+ Kf6
26. b8=Q Ba5 27. Qe5+ Ke7 28. Rb7+ {Black Resigned} 1-0

[Event "Lansing July Mini-Swiss.3"]
[Site "Lansing, MI"]
[Date "2003.07.13"]
[Round "3"]
[White "Johnson, Marshall"]
[Black "Fraser, Tom"]
[Result "1-0"]
[WhiteElo "1293"]
[BlackElo "1232"]
[Annotator "Marshall Johnson"]
[PlyCount "61"]
[EventDate "2003.07.13"]

1. Nf3 d5 2. d4 c5 3. dxc5 Nc6 4. g3 Bg4 5. Bg2 e6 6. c4 Bxc5 7. O-O dxc4 8.
Qa4 Nge7 (8... Qa5 9. Qxc4 Nf6 $11 {+.13 -- May be a little better for Black.})
9. Ne5 $5 {Giving away the e-pawn is a little dicey here, perhaps a more solid
alternative was:} (9. Nbd2 O-O 10. Qxc4 $11) 9... Qb6 $4 {A terrible oversight
by Black, giving away the B with no compensation. Black should have made White
pay for his prior indiscretion with:} (9... Bxe2 10. Re1 Bd3 11. Nxc6 Qd7 $3 ({
Not:} 11... bxc6 $6 12. Bxc6+ Kf8 13. Bxa8 Qxa8 14. Qd7 $16 {+1.21}) 12. Qb5
Bb6 13. Nxa7 Bxa7 14. Nc3 Qxb5 15. Nxb5 $15 {-.55}) 10. Nxg4 $18 {+2.52} Rd8
11. Nd2 O-O 12. Nxc4 Qc7 13. Bf4 $18 {+3.72} Qc8 14. Rfd1 e5 $4 15. Ngxe5 Nd4
16. b4 $6 {One way of solving the problem White has with the active Black
minor pieces, but the exchange sacrifice was better:} (16. Rxd4 $1 Bxd4 17. Rc1
Qe6 18. Bxb7 g5 19. e3 gxf4 20. exd4 fxg3 21. hxg3 Rxd4 22. Qxa7 $18 {+4.08})
16... Nxe2+ 17. Kf1 Rxd1+ $2 {Much stronger was:} (17... Nxf4 18. bxc5 Nxg2 19.
Kxg2 $18 {+4.33}) 18. Qxd1 {White feared the fork @c3, but that variation is
actually pretty good for White:} (18. Rxd1 Nc3 19. Qb3 Nxd1 20. bxc5 Nxf2 21.
Kxf2 $18 {+5.53 -- White has 3 pieces for the R & pawn, as well as a
stranglehold on the position.}) 18... Nc3 19. Qb3 Bd4 20. Rc1 (20. Nd6 $142 $1
Qe6 $18 {+5.88} (20... Qc7 $2 21. Nexf7 $1 Ned5 22. Bxd5 Qb6 23. Bxb7 $18 {+12.
40})) 20... Ned5 21. Nf3 Bf6 22. Be5 Qe6 23. Nd4 {White begins to consolidate
now, he's cut down the threats & gradually takes the good squares away from
the enemy pieces.} Qd7 24. Bxf6 {Moving the Q away with 23. Nd4 was a very
important step, not only because it improved the position of the White N,
while forcing the Black Q back. But now this exchange of B's leaves the Black
K vulnerable & puts a big question mark in Black's mind about whether he
really wants to keep the Q's on the board, of course trading Q's is the death
knell for Black's game.} gxf6 25. Nd2 {White decided it was safer to break up
the N tandem with a N, rather than win material with:} (25. Rxc3 Nxc3 26. Qxc3
$18 {+6.48  Because after:} Rc8 {Black has some counter-play.}) 25... Re8 26.
Nb1 Ne3+ $4 {Black could have stayed in the game with:} (26... Ne4 27. Rd1 a6
28. Ne2 Qf5 29. Qf3 $18 {+5.24 -- But it's all a matter of avoiding blunders,
keeping his pieces active & taking good squares away from the Black pieces at
this point.}) 27. fxe3 Rxe3 28. Rxc3 Qxd4 29. Rxe3 {At this point Balck can
plainly see that there was no reason to sac the N @e3.} f5 30. Re8+ {Forcing
the Q's off the board -- the final blow!} Kg7 31. Qc3 {Black Resigns} 1-0

[Event "Lansing July Mini-Swiss.3"]
[Site "Lansing, MI"]
[Date "2003.07.13"]
[Round "2"]
[White "Gregg, Ted"]
[Black "Johnson, Marshall"]
[Result "0-1"]
[WhiteElo "1272"]
[BlackElo "1293"]
[Annotator "Marshall Johnson"]
[PlyCount "114"]
[EventDate "2003.07.13"]

1. f4 g6 2. e4 c5 $6 (2... d5 $142 $1 3. exd5 Nf6 $11 {-.05}) 3. Nf3 Bg7 4. Be2
d5 5. e5 f6 6. O-O fxe5 $2 {Jr.8 doesn't like this move at all & it seems, in
retrospect, that breaking the tension here is a bad idea.} 7. fxe5 a6 $2 {Slow,
Black was concerned with a B landing on b5, better is:} (7... Nc6 8. d4 cxd4 9.
Bb5 Qb6 $15 {-.37}) 8. c3 Nc6 9. d4 $16 {+.50} cxd4 $2 {Again Black breaks the
tension prematurely.} 10. cxd4 Qb6 $6 {Probably better is:} (10... Nh6 11. Bg5
O-O 12. Nc3 Nf7 $14 {+.68}) 11. Qa4 $2 Nh6 12. b3 O-O 13. Kh1 Nf5 14. Bb2 Bd7
15. Qa3 Nfxd4 16. Nxd4 Rxf1+ 17. Bxf1 Nxd4 18. Qxe7 Nc2 $4 19. Qxd7 Qf2 $4 (
19... Rd8 20. Qg4 Rf8 21. Bd3 Nxa1 $14 {+.39}) 20. Qxd5+ Kh8 21. Qf3 Qe1 22.
Qe2 Qxe2 23. Bxe2 Nxa1 24. Bxa1 Rc8 $6 25. Bc3 b5 26. Bd3 Kg8 27. Bb2 Kf7 $2 (
27... Bxe5 $1 28. Ba3 Rd8 29. Be2 $11) 28. Nd2 Rd8 29. e6+ Kxe6 30. Bxg7 Rxd3
31. Nf3 Rd1+ 32. Ng1 Kf7 33. Bh6 $2 Ra1 34. a4 bxa4 35. bxa4 Rxa4 36. h3 Ra1
37. Kh2 a5 38. Nf3 a4 39. Ne5+ Ke6 40. Nd3 a3 41. Bf8 a2 42. Nb4 $4 (42. Bg7 $1
Rb1 43. g4 Kd5 44. Nf2 g5 45. Kg2 h6 $19 {-3.09 -- Offers more resistance})
42... Rh1+ 43. Kxh1 a1=Q+ 44. Kh2 Qe5+ 45. Kg1 Qe3+ 46. Kh1 Qc1+ 47. Kh2 Qf4+
48. g3 Qxf8 49. Nd3 Qf1 50. Nf4+ Kf5 51. Ng2 Qf2 52. Kh1 Qxg3 53. h4 Kg4 54. h5
Kf3 55. Nh4+ Qxh4+ 56. Kg1 Qg3+ 57. Kh1 Qg2# 0-1

[Event "Flint Summer Swiss"]
[Site "Flint, MI"]
[Date "2003.07.13"]
[Round "6"]
[White "Finegold, Ben"]
[Black "Gabbara, Faris"]
[Result "1-0"]
[WhiteElo "2631"]
[BlackElo "2060"]
[PlyCount "115"]
[EventDate "2003.07.12"]

1. d4 Nf6 2. c4 c5 3. d5 e5 4. Nc3 d6 5. e4 Be7 6. Nf3 Nbd7 7. Bd3 Nf8 8. a3
Ng6 9. b4 b6 10. O-O O-O 11. bxc5 bxc5 12. Rb1 Bd7 13. Bd2 Rb8 14. Qc2 a6 15.
Rxb8 Qxb8 16. Rb1 Qa7 17. Qb3 Ra8 18. Bc2 Bd8 19. Qb7 Qxb7 20. Rxb7 Bc8 21. Rb1
Nd7 22. Ba4 Rb8 23. Rxb8 Nxb8 24. Ne1 Ba5 25. Nd3 f5 26. g3 fxe4 27. Nc1 Nd7
28. Bxd7 Bxd7 29. Nxe4 Bxd2 30. Nxd2 Kf7 31. Ncb3 Ne7 32. Ne4 Nc8 33. Na5 Ke7
34. f3 h6 35. Kf2 Kd8 36. h4 Kc7 37. g4 Ba4 38. Nd2 Ne7 39. h5 g6 40. g5 Nf5
41. Ne4 gxh5 42. Ng3 hxg5 43. Nxf5 Kb6 44. Nc6 Bxc6 45. dxc6 Kxc6 46. Ke3 d5
47. Ne7+ Kd6 48. Nxd5 h4 49. Nf6 Ke6 50. Ne4 Kf5 51. Nxc5 h3 52. Kf2 g4 53.
fxg4+ Kxg4 54. Ne4 Kf4 55. c5 Kxe4 56. c6 Kd3 57. c7 e4 58. c8=Q 1-0

[Event "Flint Summer Swiss"]
[Site "Flint, MI"]
[Date "2003.07.13"]
[Round "5"]
[White "Davidovich, Manis"]
[Black "Finegold, Ben"]
[Result "0-1"]
[WhiteElo "2101"]
[BlackElo "2631"]
[PlyCount "61"]
[EventDate "2003.07.12"]

1. Nf3 c5 2. b3 Nf6 3. Bb2 b6 4. e3 Bb7 5. d4 e6 6. Bd3 Be7 7. O-O O-O 8. Nbd2
d5 9. Ne5 Ne4 10. Bxe4 dxe4 11. dxc5 f6 12. Nec4 Bxc5 13. Qg4 Qe7 14. Qh4 f5
15. Qxe7 Bxe7 16. Ne5 Nc6 17. Ndc4 Rfc8 18. Rad1 Nxe5 19. Bxe5 Bd5 20. Rd2 Bxc4
21. bxc4 Rxc4 22. Rd7 Bf8 23. c3 Rc5 24. Bg3 Rxc3 25. h4 b5 26. Rb7 b4 27. Rd1
Rd3 28. Rc1 Rd5 29. Bb8 a6 30. Rc6 Rb5 31. Rxa6 0-1

[Event "Genesee County Open"]
[Site "Flint, MI"]
[Date "2003.07.26"]
[Round "3.6"]
[White "Thach, Scott"]
[Black "Beane, Joe"]
[Result "1-0"]
[WhiteElo "1358"]
[BlackElo "1678"]
[PlyCount "61"]
[EventDate "2003.07.26"]

1. e4 d6 2. d4 c6 3. Nc3 Qc7 4. Be3 e5 5. Bc4 Nf6 6. Nf3 h6 7. h3 b5 8. Bd3 Be7
9. O-O a6 10. Rc1 Nbd7 11. Ne2 Nf8 12. Ng3 Ng6 13. Qd2 Bd7 14. dxe5 dxe5 15. c4
b4 16. b3 c5 17. Rcd1 Bc6 18. Qc2 O-O 19. Nd2 Bd7 20. Ne2 Qc8 21. Kh2 Nh5 22.
Rg1 Bd6 23. Ng3 Nhf4 24. Nf5 Bxf5 25. exf5 Nxd3 26. Qxd3 Qc7 27. Ne4 Be7 28.
fxg6 f6 29. Qd7 Qa5 30. Qxe7 f5 31. Rd7 1-0

[Event "Genesee County Open"]
[Site "Flint, MI"]
[Date "2003.07.26"]
[Round "4.3"]
[White "Skidmore, Mike"]
[Black "Thach, Scott"]
[Result "1-0"]
[WhiteElo "1842"]
[BlackElo "1358"]
[PlyCount "53"]
[EventDate "2003.07.26"]

1. e4 e6 2. f4 d5 3. e5 Nc6 4. d4 Nge7 5. Nf3 Bd7 6. Bd3 Ng6 7. c3 Be7 8. O-O
O-O 9. Ng5 Bxg5 10. fxg5 Nce7 11. Qh5 b6 12. Rf3 Nf5 13. Rh3 f6 14. gxf6 Kf7
15. Bxf5 exf5 16. Qxh7 Rg8 17. Rg3 Ke6 18. Rxg6 Be8 19. Qxg8+ Bf7 20. fxg7+ Ke7
21. Bg5+ Kd7 22. Qxf7+ Kc8 23. Bxd8 Kb7 24. Qxc7+ Ka6 25. Rxb6+ Ka5 26. Rb4+
Ka6 27. Qc6# 1-0

[Event "Genesee County Open"]
[Site "Flint, MI"]
[Date "2003.07.26"]
[Round "1.6"]
[White "Saylor, Oliver"]
[Black "Laurin, Edward"]
[Result "0-1"]
[WhiteElo "1586"]
[BlackElo "1787"]
[Annotator "Edward Laurin"]
[PlyCount "90"]
[EventDate "2003.07.26"]

1. e4 c5 2. Nf3 d6 3. d4 cxd4 4. Nxd4 Nf6 5. Nc3 g6 6. Bc4 Bg7 7. Be3 O-O 8. f3
Nc6 9. Qd2 Bd7 10. a3 {Not bad, although slightly uncalled for.} Ne5 11. Bb3
Rc8 12. Nd5 Nxd5 13. Bxd5 (13. exd5 $11) 13... Nc4 14. Bxc4 Rxc4 15. O-O Qc7
16. c3 Rd8 (16... Rc8 {This is probably much better for Black.} 17. Ne2 b6 18.
Bd4 Bxd4+ 19. Nxd4 a6 $15) 17. Nc2 Be6 18. Nd4 Bd7 19. Qf2 a6 20. Nc2 Qc8 21.
Nb4 Be6 (21... Bb5 22. Nd5 (22. a4 Rxb4 23. cxb4 Bxf1 24. Rxf1 $15) 22... Qe6
$11) 22. Rad1 a5 23. Nd3 (23. Nc2 a4 24. Bd4 $14) 23... Qc6 24. Nf4 b5 25. Qh4
Qd7 26. Bb6 Ra8 27. Bd4 b4 28. axb4 axb4 29. b3 (29. Ra1 $11) 29... Bxd4+ 30.
cxd4 Rc3 31. Ra1 Ra3 32. d5 Qa7+ 33. Qf2 Rxa1 34. Qxa7 Rxa7 35. dxe6 fxe6 36.
Nxe6 Rxb3 37. Nd4 Rd3 38. Nc6 Rb7 39. Rb1 b3 40. Na5 Rb5 41. Nc4 Rc5 42. Nb2
Rdc3 43. h3 Rc1+ 44. Rxc1 Rxc1+ 45. Kh2 Rc2 0-1

[Event "Genesee County Open"]
[Site "Flint, MI"]
[Date "2003.07.26"]
[Round "4.1"]
[White "Laurin, Edward"]
[Black "Timmerman, Peter"]
[Result "0-1"]
[WhiteElo "1787"]
[BlackElo "2011"]
[Annotator "Edward Laurin"]
[PlyCount "70"]
[EventDate "2003.07.26"]

1. e4 e6 2. Nf3 d5 3. Nc3 d4 4. Ne2 c5 5. c3 dxc3 6. Nxc3 (6. bxc3 $5) 6... Nc6
7. Bb5 Nge7 8. d4 cxd4 9. Nxd4 Bd7 10. O-O Nxd4 11. Qxd4 Nc6 12. Qd3 a6 13. Ba4
b5 14. Bb3 Qc7 15. f4 (15. Rd1 $14) 15... Nd4 16. Be3 {Now Black gains a
decent advantage.} Nxb3 17. axb3 b4 (17... Qb7 $15) 18. Ne2 (18. Nb5 $5 Bxb5
19. Qxb5+ axb5 20. Rxa8+ Kd7 21. Ra7 $11) 18... Bb5 19. Qd2 $4 (19. Qxb5+ $1
axb5 20. Rxa8+ Kd7 21. Ra7 $18) 19... Rd8 20. Qe1 Qc2 21. Nd4 Qxe4 22. Nxb5
axb5 23. Qe2 Qd3 24. Qxd3 Rxd3 25. Ra8+ Kd7 26. Bf2 g6 (26... Rxb3 27. Rd1+ {
White can easily force a perpetual from this position with the two rooks or go
for the material advantage.}) 27. Ra7+ Ke8 28. Rc1 Be7 29. Rcc7 $2 (29. Bb6 $1
{This is quickly followed up by Rc8+ or Rc7 depending on Black's next move.})
29... Bd8 $2 {Obviously this is the game of missed tactics on both sides!} (
29... Rd1+ 30. Be1 Bd8 $19) 30. Rc1 Kf8 31. Bc5+ Kg7 32. Bxb4 Rxb3 $2 (32...
Bb6+ 33. Bc5 Rc8 $19) 33. Bc5 Rxb2 34. Bd4+ Bf6 35. Bxb2 Bxb2 {Black goes on
to win as his bishop is superior to the rook.} 0-1

[Event "Genesee County Open"]
[Site "Flint, MI"]
[Date "2003.07.26"]
[Round "2.2"]
[White "Laurin, Edward"]
[Black "Kriseler, Mark"]
[Result "1-0"]
[WhiteElo "1787"]
[BlackElo "1913"]
[Annotator "Edward Laurin"]
[PlyCount "81"]
[EventDate "2003.07.26"]

1. e4 Nf6 2. Nc3 d5 3. e5 Ng8 $2 (3... d4 4. exf6 dxc3 5. fxg7 $11) (3... Ne4
$5 4. Nce2 Nc5 5. d4 Ne6 $14) 4. d4 c5 5. Bb5+ $2 {This loses the inititive
for White.} (5. dxc5 e6 6. Be3 $16) 5... Nc6 (5... Bd7 6. Bxd7+ Nxd7 $15) 6.
Nge2 ({The immediate} 6. dxc5 {was still called for.}) 6... a6 ({Playing} 6...
e6 {gives Black a solidified position, although White retains a small edge.})
7. Bxc6+ bxc6 8. dxc5 Bg4 9. Qd4 Bxe2 10. Kxe2 (10. Nxe2 {was also possible
but I felt my knight would be more useful going from a4-b6 at some point. It
may be an improvement however.}) 10... e6 11. Be3 Ne7 12. g4 h5 13. h3 Qb8 14.
b3 {Although it seems pretty defensive this move supports the idea of
Nc3-a4-b6 since now if ...Qb5+, c4 works well.} Ng6 15. f4 hxg4 (15... Be7 16.
Rad1 Qc7 17. Na4 $16) 16. hxg4 Rxh1 17. Rxh1 Kd7 $4 {This places the king in
the line of fire.} 18. Na4 Ra7 19. c4 Be7 {Black should remove his king from
the d-file as soon as possible to prevent the coming attack.} 20. cxd5 ({
Perhaps} 20. Nb6+ {first to keep Black's queen out of play.}) 20... exd5 21.
Nb6+ Kc7 (21... Ke8 22. Rh7 Bf8 $18 {Seems to be best for Black.}) (21... Kd8
22. f5 Nf8 $18) 22. f5 Nf8 23. e6 Qe8 (23... fxe6 24. Bf4+ $18) 24. Qe5+ Kb7
25. exf7 Qxf7 26. Bf4 a5 27. Qc7+ Ka6 28. Qxc6 Qf6 29. Bd6 Rc7 30. Qxc7 Qb2+
31. Kd3 Qxa2 32. Qc8+ Kb5 33. Qe8+ Ka6 (33... Kb4 34. Nxd5+ Kxb3 35. Qb5+ Ka3
36. Qxa5+ Kb3 37. Qb4#) 34. Qa8+ Kb5 35. Qxd5 Bxd6 36. cxd6+ Kxb6 37. Rc1 a4
38. Rc6+ Ka7 39. Qa5+ Kb8 40. Qb6+ Ka8 41. Rc8# 1-0

[Event "Genesee County Open"]
[Site "Flint, MI"]
[Date "2003.07.26"]
[Round "2.6"]
[White "Choate, Eric"]
[Black "Saylor, Oliver"]
[Result "1-0"]
[WhiteElo "1575"]
[BlackElo "1549"]
[PlyCount "71"]
[EventDate "2003.07.26"]

1. e4 c5 2. Nf3 d6 3. Bb5+ Bd7 4. Bxd7+ Nxd7 5. d3 Ngf6 6. O-O g6 7. c3 Bg7 8.
h3 O-O 9. Nh2 Qb6 10. Nd2 Ne5 11. Qe2 e6 12. f4 Nxd3 13. Qxd3 c4+ 14. Qd4 Qd8
15. Nxc4 Nxe4 16. Qxe4 d5 17. Qd3 dxc4 18. Qxc4 Rc8 19. Qe4 b6 20. Be3 Qc7 21.
Rad1 a6 22. Bd4 b5 23. Ng4 Qe7 24. Bxg7 Kxg7 25. Qe5+ f6 26. Qe3 h5 27. Nf2 Rc6
28. Rd2 Rd6 29. Rfd1 Rfd8 30. Ne4 R6d7 31. Rxd7 Rxd7 32. Rxd7 Qxd7 33. Qd4 Qe7
34. Qd6 Qa7+ 35. Kh1 Qe3 36. Qe7+ 1-0

[Event "Genesee County Open"]
[Site "Flint, MI"]
[Date "2003.07.26"]
[Round "2.4"]
[White "Aldrich, Jeff"]
[Black "Thach, Scott"]
[Result "1-0"]
[WhiteElo "1916"]
[BlackElo "1358"]
[PlyCount "66"]
[EventDate "2003.07.26"]

1. d4 e6 2. c4 b6 3. Nc3 Bb7 4. e4 Bb4 5. f3 Ne7 6. Be3 O-O 7. Bd3 f5 8. Qd2
Nbc6 9. Nge2 Kh8 10. a3 Bxc3 11. Qxc3 Ng6 12. O-O-O Nce7 13. h4 Rf7 14. h5 Nf8
15. h6 d5 16. hxg7+ Rxg7 17. cxd5 fxe4 18. fxe4 exd5 19. e5 Rc8 20. Bh6 Rf7 21.
Bc2 Nfg6 22. Bg5 Qd7 23. Ng3 c5 24. Kb1 c4 25. Nh5 Qe6 26. Nf6 Ng8 27. Bxg6
Nxf6 28. Bxf6+ Kg8 29. Bxf7+ Qxf7 30. Qg3+ Qg6+ 31. Qxg6+ hxg6 32. Rh8+ Kf7 33.
Rxc8 Bxc8 1-0